|
|
|
|
| LEADER |
00000nam a22000007a 4500 |
| 005 |
20171221191933.0 |
| 007 |
cr|||| |||| |
| 008 |
171221s2007 mx |||||s|||| 00||0 spa d |
| 020 |
|
|
|a 978-970-701-924-9
|
| 035 |
|
|
|a 20929
|
| 040 |
|
|
|a vLex
|
| 090 |
|
|
|c 7346
|d 7346
|
| 100 |
1 |
|
|a Palacio Lp̤ez, Antonio Riva
|
| 245 |
1 |
3 |
|a La reforma polt̕ica y la L Legislatura del H. Congreso de la Unin̤
|h [Recurso electrn̤ico] /
|c Antonio Riva Palacio Lp̤ez
|
| 256 |
|
|
|a Servicio en ln̕ea
|
| 260 |
|
|
|a Ciudad de Mx̌ico:
|b Cm̀ara de Diputados,
|c 2007
|
| 300 |
|
|
|a 1 recurso electrn̤ico
|
| 500 |
|
|
|a Mucho se ha escrito sobre la democratizacin̤ de Mx̌ico, pero poco se ha analizado de cm̤o se ha ido produciendo gradualmente el proceso de reforma polt̕ica, que da paso a la situacin̤ actual. Hemos caminado y avanzado. Tambiň hemos tenido tropiezos, pero los hemos superado. En el momento actual, Mx̌ico requiere de analizar histr̤icamente nuestro proceso democratizador, para que el futuro que anhelamos para maąna se convierta en realidad, y nos d ̌instituciones y leyes que beneficien al pueblo.
|
| 506 |
1 |
|
|a Disponible solo en los productos indicados
|d vLex Global
|d vLex Global (Academic Edition, excluding Law Schools)
|d vLex Global (U.S. Academic Edition, Law Schools)
|d vLex Global (U.S. Academic Edition, excluding Law Schools)
|d vLex Global (Academic Edition, Law Schools)
|
| 650 |
0 |
4 |
|a Derecho Constitucional
|z Mx̌ico
|
| 740 |
0 |
|
|a vLex Libros (Servicio en ln̕ea)
|
| 856 |
4 |
0 |
|u http://vlex.com/source/reforma-politica-y-la-l-legislatura-del-h-congreso-de-la-union-20929
|z Acceso restringido
|
| 942 |
|
|
|c BOOK
|
| 999 |
0 |
|
|a Constitutional law
|